| Поле | Название | Значение |
| |
Тип записи |
i |
| |
Библиографический уровень |
m |
| 001 |
Контрольный номер |
LIBNET\0000681103 |
| 005 |
Дата корректировки |
20240410121220.5 |
| 010 |
Индекс ISBN |
__ |
| d |
Цена |
325-00 |
| 100 |
Данные общей обработки |
__ |
| a |
Данные общей обработки |
19190419d2013|||||||y0rusy0189 ca |
| 101 |
Язык документа |
1_ |
| a |
Язык текста |
rus |
| c |
Язык оригинала |
eng |
| 102 |
Страна публикации |
__ |
| a |
Страна публикации |
RU |
| 102 |
Страна публикации |
__ |
| a |
Страна публикации |
RU |
| 105 |
Кодированные данные (монография) |
__ |
| a |
Кодированные данные (монография) |
zy |
| 127 |
Кодированные данные (звукозаписи-физические характеристики) |
__ |
| a |
Продолжительность проигрывания |
015000 |
| 200 |
Заглавие и сведения об ответственности |
1_ |
| a |
Заглавие |
Опасный поворот |
| e |
Сведения, относящиеся к заглавию |
радиоспектакль |
| f |
Первые сведения об ответственности |
Джон Пристли ; постановка Григория Козинцева ; исполняют: И. Ханзель [и др.] ; текст читает Тобиаш Э. М. |
| b |
Общее обозначение материала |
Звукозапись |
| 210 |
Выходные данные |
__ |
| a |
Место издания |
Москва |
| c |
Издательство |
Звуковая книга |
| c |
Издательство |
Гостелерадиофонд |
| c |
Издательство |
Аудитория |
| d |
Дата издания |
2013 |
| 215 |
Физическое описание |
__ |
| a |
Объем |
1 электрон. опт. диск (CD-DA) |
| c |
Иллюстрации/тип воспроизводства |
mp3 |
| d |
Формат |
12 см |
| 225 |
Серия |
__ |
| a |
Серия |
Звуковая книга |
| 225 |
Серия |
__ |
| a |
Серия |
Коллекция радиоспектаклей Гостелерадиофонда |
| 225 |
Серия |
__ |
| a |
Серия |
Коллекция радиоспектаклей |
| v |
Обозначение тома |
диск № 82 |
| 225 |
Серия |
__ |
| a |
Серия |
Радиоспектакль ГТРФ |
| 300 |
Общие примечания |
__ |
| a |
Общие примечания |
Запись спектакля Ленинградского театра Комедии по одноименной пьесе, 1965 г. |
| 330 |
Аннотация |
__ |
| a |
Аннотация |
Издатель Роберт Кэплен и его жена Фреда тепло принимают в своем загородном доме друзей и родственников. Эта "миленькая маленькая компания", по словам одной гостьи, весело беседует и обменивается сплетнями. Пока темой разговора не становится "правда". |
| 333 |
Примечание о целевом назначении |
__ |
| a |
Примечание о целевом назначении |
6+. Для детей старше шести лет |
| 606 |
Тематические рубрики |
__ |
| a |
Основная рубрика |
Музыка и зрелищные искусства |
| 606 |
Тематические рубрики |
__ |
| a |
Основная рубрика |
Художественное радиовещание |
| 606 |
Тематические рубрики |
__ |
| a |
Основная рубрика |
Художественная литература |
| 606 |
Тематические рубрики |
__ |
| a |
Основная рубрика |
Литература Европы (произведения) |
| 610 |
Ключевые слова |
__ |
| a |
Ключевые слова |
английская литература |
| 610 |
Ключевые слова |
__ |
| a |
Ключевые слова |
детективы |
| 610 |
Ключевые слова |
__ |
| a |
Ключевые слова |
радиопостановки |
| 610 |
Ключевые слова |
__ |
| a |
Ключевые слова |
английские детективы |
| 610 |
Ключевые слова |
__ |
| a |
Ключевые слова |
радиоспектакли |
| 686 |
Индексы других классификаций |
__ |
| 2 |
Код системы |
rubbks |
| a |
Классификационный индекс |
85.381.3(2)-7я04 |
| 686 |
Индексы других классификаций |
__ |
| 2 |
Код системы |
rubbks |
| a |
Классификационный индекс |
84(4Вел)6-4я04 |
| 700 |
Автор |
_1 |
| a |
Фамилия |
Пристли |
| b |
Имя |
Д. Б. |
| f |
Даты |
1894-1984 |
| g |
Полное личное имя |
Джон Бойнтон |
| 4 |
Код отношения |
070 |
| 701 |
Альтернативная интеллектуальная ответственность |
_1 |
| a |
Фамилия |
Флоринский |
| b |
Имя |
Г. А. |
| f |
Даты |
1906-1967 |
| g |
Полное личное имя |
Глеб Андреевич |
| 4 |
Код отношения |
005 |
| 702 |
Вторичная интеллектуальная ответственность |
_1 |
| a |
Фамилия |
Ханзель |
| b |
Имя |
И. А. |
| 4 |
Код отношения |
Прочие |
| f |
Даты |
1909-1985 |
| g |
Полное личное имя |
Иocиф Александрович |
| 4 |
Код отношения |
570 |
| 702 |
Вторичная интеллектуальная ответственность |
_1 |
| a |
Фамилия |
Юнгер |
| b |
Имя |
Е. В. |
| 4 |
Код отношения |
Прочие |
| f |
Даты |
1910-1999 |
| g |
Полное личное имя |
Елена |
| 4 |
Код отношения |
570 |
| 702 |
Вторичная интеллектуальная ответственность |
_1 |
| a |
Фамилия |
Карпова |
| b |
Имя |
В. А. |
| 4 |
Код отношения |
Прочие |
| f |
Даты |
1933- |
| g |
Полное личное имя |
Вера Александровна |
| 4 |
Код отношения |
570 |
| 702 |
Вторичная интеллектуальная ответственность |
_1 |
| a |
Фамилия |
Войткевич |
| b |
Имя |
Я. И. |
| 4 |
Код отношения |
Прочие |
| f |
Даты |
1923-2000 |
| g |
Полное личное имя |
Янина Иосифовна |
| 4 |
Код отношения |
570 |
| 702 |
Вторичная интеллектуальная ответственность |
_1 |
| a |
Фамилия |
Усков |
| b |
Имя |
В. В. |
| 4 |
Код отношения |
Прочие |
| f |
Даты |
1907-1980 |
| g |
Полное личное имя |
Владимир Викторович |
| 4 |
Код отношения |
570 |
| 702 |
Вторичная интеллектуальная ответственность |
_1 |
| a |
Фамилия |
Чокой |
| b |
Имя |
Т. И. |
| 4 |
Код отношения |
Прочие |
| f |
Даты |
1909-1995 |
| g |
Полное личное имя |
Татьяна Ивановна |
| 4 |
Код отношения |
570 |
| 702 |
Вторичная интеллектуальная ответственность |
_1 |
| a |
Фамилия |
Тобиаш |
| b |
Имя |
Э. М. |
| 4 |
Код отношения |
Прочие |
| f |
Даты |
1906-1995 |
| g |
Полное личное имя |
Эммануил Михайлович |
| 4 |
Код отношения |
570 |
| 702 |
Вторичная интеллектуальная ответственность |
_1 |
| a |
Фамилия |
Козинцев |
| b |
Имя |
Г. М. |
| 4 |
Код отношения |
Режиссер |
| g |
Полное личное имя |
Григорий Михайлович |
| 4 |
Код отношения |
070 |
| 801 |
Источник записи |
_0 |
| a |
Страна |
RU |
| b |
Организация |
Владимирская ОСБС |
| c |
Дата составления |
20190419 |
| g |
Правила каталогизации |
PSBO |
| 801 |
Источник записи |
_2 |
| a |
Страна |
RU |
| b |
Организация |
Муниципальное бюджетное учреждение культуры "Централизованная библиотечная система" г. Сургут (Центральная городская библиотека им. А. С. Пушкина) |
| c |
Дата составления |
20190419 |
| 852 |
Данные о местонахождении |
__ |
| j |
Шифр хранения |
85.381.3(2)-7я04 |
| i |
Авторский знак |
П 77 |
| 901 |
Тип документа |
__ |
| a |
Ответственный |
КиК/Мамарузиева |
| t |
Тип документа |
0 |
| 903 |
Характеристики (МАРС) |
__ |
| a |
Дата передачи |
20190419 |
| 969 |
Тип издания |
__ |
| a |
Тип издания |
аудиоспектакль |
| a |
Тип издания |
издание для слепых |
| 990 |
Данные о заказе (DOS) |
__ |
| j |
Количество экземпляров (DOS) |
2 |
| t |
N записи в КСУ для И/У (DOS) |
201905 |